| Tag |
First Indicator |
Second Indicator |
Subfields |
| LEADER |
00000cam a2200000 4500 |
| 001 |
in00000211892 |
| 005 |
20151009060359.0 |
| 008 |
720217s1955 njua 00000 eng d |
| 010 |
|
|
|a 55011611
|
| 035 |
|
|
|a (OCoLC)00244547
|
| 035 |
|
|
|9 AAX3420AM
|
| 040 |
|
|
|c WSU
|d TXA
|d UtOrBLW
|
| 049 |
|
|
|a TXAM
|c 1 [266395]
|c 2 [281567]
|
| 082 |
0 |
|
|a 657.3
|
| 090 |
|
|
|a HF5667
|b .P34
|
| 100 |
1 |
|
|a Palen, Jennie M.
|
| 245 |
1 |
0 |
|a Report writing for accountants.
|
| 264 |
|
1 |
|a Englewood Cliffs, N.J. :
|b Prentice-Hall,
|c 1955.
|
| 300 |
|
|
|a 602 pages :
|b illustrations ;
|c 24 cm.
|
| 336 |
|
|
|a text
|b txt
|2 rdacontent
|
| 337 |
|
|
|a unmediated
|b n
|2 rdamedia
|
| 338 |
|
|
|a volume
|b nc
|2 rdacarrier
|
| 650 |
|
0 |
|a Auditing.
|
| 650 |
|
0 |
|a Financial statements.
|
| 650 |
|
0 |
|a Report writing.
|
| 999 |
|
|
|a MARS
|
| 999 |
f |
f |
|s e3c2f430-4b10-37be-8e26-5caa5f3a542c
|i 3a72fe6a-da52-3d9e-9060-329685dc8fc4
|t 0
|
| 952 |
f |
f |
|p ric
|a Texas A&M University
|b Rellis Campus
|c Joint Library Facility
|s JLF
|d Remote Storage
|t 0
|e HF5667 .P34
|h Library of Congress classification
|i unmediated -- volume
|m A14802839826
|
| 998 |
f |
f |
|a HF5667 .P34
|t 0
|l Remote Storage
|